01383nas a2200241Ia 4500001001100000003001000011008004100021040002500062041001400087100001900101210002900120222002900149245009700178250001100275260005100286300001100337310001600348362003000364500029800394501011400692520029800806650003701104L100-51768IT-CnALBA170116c99999999xx |||||||||||| ||und|| aIT-CnALBAcIT-CnALBA aFRANCESE  aSTEINER GEORGE aL'AMITIÈ CHARLES PEGUY aL'AMITIÈ CHARLES PEGUY 0aL'AMITIÈ CHARLES PEGUY. OTTOBRE DICEMBRE 1993. BOLLETTIN D'INFORMATIONS ET DE RECHERCHES.  a1a ed. a ORLEANS, PbCENTRE NAT. ACADEMIE FRAN. cn.d. a64 p.  aTRIMESTRALE aFascicolo: 64 / Anno: 16  aIN QUESTO NUMERO PEGUY FILOSOFO DELLA COMPLESSIVITA' UNA GRANDE COLLERA. PEGUY E LO SPIRITO DEL SISTEMA. PLURALITÀ CONTRADDIZIONE E ACCORDO IN PEGUY, PRONTERA A. PEGUY E IL POSITIVISMO. " LA CORRENTE" UNA LETTURE DI PEGUY C. RELAZIONI, GLI UOMINI DELLA FRATERNITÀ XX SECOLO. BIBLIOGRAFIA.  aSocietà San Paolo EM - Piazza San Paolo, 14 - 12051 ALBA (CN) (non commercial uses only) ® Copyright 2017 aIN QUESTO NUMERO PEGUY FILOSOFO DELLA COMPLESSIVITA' UNA GRANDE COLLERA. PEGUY E LO SPIRITO DEL SISTEMA. PLURALITÀ CONTRADDIZIONE E ACCORDO IN PEGUY, PRONTERA A. PEGUY E IL POSITIVISMO. " LA CORRENTE" UNA LETTURE DI PEGUY C. RELAZIONI, GLI UOMINI DELLA FRATERNITÀ XX SECOLO. BIBLIOGRAFIA.  aFILOSOFIA E DISCIPLINE COLLEGATE